000 03937nab a2200265 i 4500
003 BR-BrBNA
005 20241010100500.0
008 241010b2004 bl.qr|pooa||| 00| 0 por |
040 _aBR-BrBNA
_bpor
072 _aF70
100 _aLemos, Jesus Rodrigues
245 _aComposição florística do Parque Nacional Serra da Capivara, Piauí, Brasil
500 _aPublicação on-line; 24 ref.; 1 tables; Summaries (En, Pt)
520 _a RESUMO (Composição florística do Parque Nacional Serra da Capivara, Piauí, Brasil) Dos grandes biomas brasileiros, a caatinga é um dos mais desconhecidos do ponto de vista florístico e fitogeográfico. No Piauí, este bioma reveste cerca de 37% do seu território, apresentando uma única Unidade de Conservação, o Parque Nacional Serra da Capivara. Este trabalho objetivou listar as espécies coletadas na área do Parque. Para isso, foi realizado um levantamento do material coletado na região, depositado no Herbário Graziela Barroso da Universidade Federal do Piauí TEPB/UFPI, acrescidos de material resultante de coletas realizadas em duas unidades geomorfológicas (sedimentar e cristalino) no período de dois anos. Foram registradas um total de 210 espécies distribuídas em 149 gêneros e 62 famílias. As famílias com maior riqueza foram Caesalpiniaceae, Fabaceae, Mimosaceae, Bignoniaceae, Euphorbiaceae e Myrtaceae com 46% das espécies. Verificou-se que a heterogeneidade do ambiente físico influencia na distribuição das espécies nos diferentes biótopos da região. No que se refere à região semi-árida como um todo, observou-se que, com exceção de um pequeno grupo de espécies, há semelhança florística entre a área de estudo com outras áreas de caatinga do semi-árido nordestino, quer sejam instaladas em terrenos sedimentares ou sobre o embasamento cristalino. Palavras-chave: semi-árido, caatinga, flora, Piauí, Serra da Capivara.
520 _a ABSTRACT (Floristic composition of Serra da Capivara National Park, Piauí, Brazil) Of the great Brazilian biomes, the caatinga is one of the most poorly known from the floristic and phytogeografic point of view. In Piauí state, this biome covers about 37% of its territory, with only one conservation unit, the Serra da Capivara National Park. This work aims at listing the species collected in the Park area. With that objective, a survey was made of the material collected in the area deposited in the Herbarium Graziela Barroso of the Universidade Federal do Piauí TEPB/UFPI, in adittion to samples resultant from collection in two geomorphologic units (sedimentary lands and crystalline soil) during a two year period. It was registered a total of 210 species distributed in 149 genus and 62 families. The families with greater diversity were Caesalpiniaceae, Fabaceae, Mimosaceae, Bignoniaceae, Euphorbiaceae and Myrtaceae totalling 46% of the species. It was verified that the heterogeneity of the physical environment influences in the distribution of species in the different biotypes of the area. As far as the semi-arid region as a whole is concerned, it was observed that, except for a small group of species, there is floristic similarity between the study area with other areas of caatinga in Brazil’s Northeastern native semi-arid, whether installed in sedimentary lands or on crystalline soil. Key-words: semi-arid, caatinga, flora, Piauí state, Serra da Capivara.
650 _aCAATINGA
650 _aFLORA
650 _aSEMI-ÁRIDO
650 _aPIAUÍ
650 _aSERRA DA CAPIVARA
773 0 _0709
_9345195
_dRio de Janeiro-RJ Jardim Botanico do Rio de Janeiro 1935
_o2024-5688
_tRodriguésia (Brazil)
_x0370-6583; 2175-7860 on-line
_gv. 55(85) p. 55-66; (2004)
_wBR2024003227
856 _uhttps://www.scielo.br/j/rod/a/R6ZxcfYFwQvk45PBP7463rL/?format=pdf&lang=pt
942 _cANA
999 _c328025
_d328025